Исследование процесса плазмохимического синтеза оксидных композиций для плутоний-ториевого дисперсионного ядерного топлива; Актуальные проблемы урановой промышленности; Ч. 1
| Parent link: | Актуальные проблемы урановой промышленности: сборник трудов X юбилейной Международной научно-практической конференции, посвященной 25-летию АО «НАК «Казатомпром» и 20-летию ТОО «Институт высоких технологий», Алматы, 24-26 ноября 2022/ Казахстанско-Британский технический университет.— , 2022 Ч. 1.— 2022.— [С. 391-395] |
|---|---|
| Korporativní autor: | |
| Další autoři: | , , , |
| Shrnutí: | Заглавие с экрана |
| Jazyk: | ruština |
| Vydáno: |
2022
|
| Témata: | |
| On-line přístup: | https://uranconference.kz/ https://uranconference.kz/download/files/works.zip |
| Médium: | MixedMaterials Elektronický zdroj Kapitola |
| KOHA link: | https://koha.lib.tpu.ru/cgi-bin/koha/opac-detail.pl?biblionumber=668853 |
MARC
| LEADER | 00000naa0a2200000 4500 | ||
|---|---|---|---|
| 001 | 668853 | ||
| 005 | 20250630141532.0 | ||
| 035 | |a (RuTPU)RU\TPU\network\40090 | ||
| 035 | |a RU\TPU\network\35308 | ||
| 090 | |a 668853 | ||
| 100 | |a 20230130d2022 k y0rusy50 ca | ||
| 101 | 0 | |a rus | |
| 102 | |a RU | ||
| 135 | |a drcn ---uucaa | ||
| 181 | 0 | |a i | |
| 182 | 0 | |a b | |
| 200 | 1 | |a Исследование процесса плазмохимического синтеза оксидных композиций для плутоний-ториевого дисперсионного ядерного топлива |f А. Г. Каренгин, А. А. Каренгин, И. Ю. Новосёлов, К. С. Иванов | |
| 203 | |a Текст |c электронный | ||
| 300 | |a Заглавие с экрана | ||
| 320 | |a [Библиогр.: с. 395 (10 назв.)] | ||
| 461 | |t Актуальные проблемы урановой промышленности |o сборник трудов X юбилейной Международной научно-практической конференции, посвященной 25-летию АО «НАК «Казатомпром» и 20-летию ТОО «Институт высоких технологий», Алматы, 24-26 ноября 2022 |o в 2 ч. |f Казахстанско-Британский технический университет |d 2022 | ||
| 463 | |t Ч. 1 |v [С. 391-395] |d 2022 | ||
| 610 | 1 | |a электронный ресурс | |
| 610 | 1 | |a труды учёных ТПУ | |
| 610 | 1 | |a плазмохимический синтез | |
| 610 | 1 | |a ядерное топливо | |
| 701 | 1 | |a Каренгин |b А. Г. |c физик |c доцент Томского политехнического университета, кандидат физико-математических наук |f 1950- |g Александр Григорьевич |3 (RuTPU)RU\TPU\pers\24286 |9 10751 | |
| 701 | 1 | |a Каренгин |b А. А. |c физик |c инженер-исследователь Томского политехнического университета |f 1989- |g Алексей Александрович |3 (RuTPU)RU\TPU\pers\32973 |9 16818 | |
| 701 | 1 | |a Новоселов |b И. Ю. |c специалист в области ядерных технологий |c cтарший преподаватель Томского политехнического университета |f 1989- |g Иван Юрьевич |3 (RuTPU)RU\TPU\pers\32434 |9 16383 | |
| 701 | 1 | |a Иванов |b К. С. |g Кирилл Сергеевич | |
| 712 | 0 | 2 | |a Национальный исследовательский Томский политехнический университет |b Инженерная школа ядерных технологий |b Отделение ядерно-топливного цикла |3 (RuTPU)RU\TPU\col\23554 |
| 801 | 2 | |a RU |b 63413507 |c 20230130 |g RCR | |
| 850 | |a 63413507 | ||
| 856 | 4 | |u https://uranconference.kz/ | |
| 856 | 4 | |u https://uranconference.kz/download/files/works.zip |z https://uranconference.kz/download/files/works.zip | |
| 942 | |c CF | ||